[Event "Madrid-ch Seniors"]
[Site "Madrid"]
[Date "2016.01.28"]
[Round "6"]
[White "Martinez Ruiz, Arturo"]
[Black "Alvarez Escudero, Manuel"]
[Result "0-1"]
[WhiteElo "1697"]
[BlackElo "1820"]
[PlyCount "48"]
[EventDate "2016.01.22"]
[EventType "swiss"]
[EventRounds "7"]
[EventCountry "ESP"]
[SourceTitle "EXT 2017"]
[Source "ChessBase"]
[SourceDate "2016.10.25"]
[SourceVersion "1"]
[SourceVersionDate "2016.10.25"]
[SourceQuality "1"]

1. Nf3 d5 2. d4 e6 3. g3 c5 4. c3 Nc6 5. Bg2 Nf6 6. 0-0 cxd4 7. cxd4 Bd6 8. Nc3 0-0 9. Bg5 h6 10. Bxf6 Qxf6 11. Rc1 Bd7 12. a3 Rac8 13. Re1 a6 14. e4 dxe4 15. Nxe4 Qe7 16. Rc3 Rfd8 17. Qe2 Bb8 18. d5 exd5 19. Nc5 Qxe2 20. Rxe2 Rc7 21. b4 Ba7 22. Nxd7 Rcxd7 23. Ne5 Nxe5 24. Rxe5 Bd4 0-1